00847cam a2200241Li 450000500170000000800410001702000180005802000180007603500210009404000500011504100080016506000110017324501300018426000460031430000420036050400530040265000180045565000170047365000270049070000400051770000240055770000240058120180312144705.0150609s2013 ck ad fr 001 0 spa d a9789589446737 a9789589446744 a(OCoLC)896860480 aCO-BoUCMbspacJose A. GerenadJose A. Gerena0 aspa aWM 42500aManual de psicoterapia con enfoque logoterapéutico cEfrén Martínez Ortiz (Compilador) ; Stefan Schulenberg...[y otros] aBogotá (Colombia)bManual modernoc2013 a292 páginasbilustraciones, cuadros aIncluye referencias bibliográficas e índices 7aPsicoterapia  7aLogoterapia  7aEnfermedades mentales 1 aMartinez Ortiz, Efrénecompilador1 aSchulenberg, Stefan1 aPacciola, Aureliano